000 00741nam a2200217Ia 4500
005 20241129110236.0
008 241129s9999||||xx |||||||||||||| ||und||
020 _a978-0-19-286559-5
037 _aTB
040 _aARTS
_beng
_cARTS
041 _aeng
_2eng
084 _aV2:1941 R2
_qARTS
100 _aColley Christopher K. Au.
_9727553
245 0 _aNexus of naval modernization in India and China: strategic rivalry and the evolution of maritime power
_cColley Christopher K. Au.
260 _aOxford, Press
_bOxford University Press
_c2021
365 _aINR
_b1795
490 _aThe oxford international relation in South Asia (IRSA)
650 _aHistory-India
942 _cTB
_hV2:1941 R2
999 _c1227851
_d1227851